[Event "4. Open Hotel Avenida de Canarias 2010"]
[Site "Vecindario ESP"]
[Date "2010.07.18"]
[Round "1.30"]
[White "Carmona Ojeda, Victor"]
[Black "Gutierrez Olivares, Daniel"]
[Result "0-1"]
[WhiteElo "1540"]
[BlackElo "2167"]
[PlyCount "64"]
[EventDate "2010.07.18"]
[EventType "swiss"]
[EventRounds "9"]
[EventCountry "ESP"]
[Source "lmi"]
[SourceDate "2010.07.18"]

1. Nf3 Nf6 2. b3 g6 3. Bb2 Bg7 4. g3 d6 5. Bg2 O-O 6. O-O e5 7. d4 e4 8. Nfd2
Re8 9. Nc4 Nd5 10. Nc3 Nxc3 11. Bxc3 d5 12. Ne3 c5 13. Qd2 Nc6 14. Bb2 cxd4 15.
Nd1 Bf5 16. c3 dxc3 17. Bxc3 d4 18. Bb2 Qb6 19. e3 Rad8 20. Qe2 h5 21. Rc1 Bg4
22. f3 exf3 23. Bxf3 Bh3 24. Re1 dxe3 25. Bc3 Rd2 26. Qc4 Bxc3 27. Rxc3 Ne5 28.
Qe4 Nxf3+ 29. Qxf3 Rxd1 30. Qe2 Rxe1+ 31. Qxe1 e2+ 32. Kh1 Qf2 0-1

[Event "4. Open Hotel Avenida de Canarias 2010"]
[Site "Vecindario ESP"]
[Date "2010.07.18"]
[Round "1.31"]
[White "Angel Acosta, Juan Carlos"]
[Black "Biscarri Candalia, Oscar"]
[Result "1-0"]
[WhiteElo "2160"]
[BlackElo "1527"]
[PlyCount "51"]
[EventDate "2010.07.18"]
[EventType "swiss"]
[EventRounds "9"]
[EventCountry "ESP"]
[Source "lmi"]
[SourceDate "2010.07.18"]

1. d4 d5 2. Nf3 e6 3. c4 Nf6 4. e3 Nbd7 5. Nc3 Be7 6. Qc2 c6 7. Bd3 O-O 8. Ne5
c5 9. cxd5 cxd4 10. exd4 exd5 11. O-O g6 12. Re1 Re8 13. Bf4 Nf8 14. h3 Ne6 15.
Be3 Ng7 16. Bb5 Rf8 17. Bh6 a6 18. Ba4 b5 19. Nc6 Qb6 20. Nxe7+ Kh8 21. Nexd5
Nxd5 22. Nxd5 Qxd4 23. Bb3 Be6 24. Rad1 Qa7 25. Qc3 f6 26. Bxg7+ 1-0

[Event "4. Open Hotel Avenida de Canarias 2010"]
[Site "Vecindario ESP"]
[Date "2010.07.18"]
[Round "1.32"]
[White "Salcedo Izquierdo, Rafael"]
[Black "Lopez Colon, Francisco"]
[Result "0-1"]
[WhiteElo "1474"]
[BlackElo "2152"]
[PlyCount "31"]
[EventDate "2010.07.18"]
[EventType "swiss"]
[EventRounds "9"]
[EventCountry "ESP"]
[Source "lmi"]
[SourceDate "2010.07.18"]

1. d4 c5 2. dxc5 e6 3. e3 Bxc5 4. Bd3 Nf6 5. Nf3 Nc6 6. O-O d5 7. c3 e5 8. Be2
O-O 9. Nbd2 Qe7 10. h3 Bd6 11. Qc2 e4 12. Nd4 Qe5 13. f4 exf3 14. N2xf3 Qg3 15.
Nf5 Bxf5 16. Qxf5 0-1

[Event "4. Open Hotel Avenida de Canarias 2010"]
[Site "Vecindario ESP"]
[Date "2010.07.18"]
[Round "1.33"]
[White "Stojanovic, Marija R"]
[Black "Suarez Ramirez, Jonay"]
[Result "1-0"]
[WhiteElo "2151"]
[BlackElo "1444"]
[PlyCount "67"]
[EventDate "2010.07.18"]
[EventType "swiss"]
[EventRounds "9"]
[EventCountry "ESP"]
[Source "lmi"]
[SourceDate "2010.07.18"]

1. e4 c5 2. Nf3 Nc6 3. d4 cxd4 4. Nxd4 g6 5. Be3 Bg7 6. Nc3 d6 7. Qd2 Nf6 8. f3
O-O 9. Bc4 Ne5 10. Bb3 Bd7 11. O-O Rc8 12. Rad1 a6 13. a4 Qa5 14. Nd5 Qxd2 15.
Nxe7+ Kh8 16. Rxd2 Rce8 17. Nd5 Nxd5 18. Bxd5 Bxa4 19. b3 Bc6 20. Bxc6 bxc6 21.
Bf4 c5 22. Ne2 Ra8 23. Rxd6 Rfc8 24. Bxe5 Bxe5 25. Rd7 Kg8 26. f4 Bg7 27. e5
Rd8 28. Rfd1 Rdc8 29. Nc3 c4 30. Nd5 Kh8 31. Nb6 cxb3 32. Nxc8 bxc2 33. Rd8+
Bf8 34. Rc1 1-0

[Event "4. Open Hotel Avenida de Canarias 2010"]
[Site "Vecindario ESP"]
[Date "2010.07.18"]
[Round "1.34"]
[White "Rodriguez Rodriguez, Eduardo"]
[Black "Inigo Munoz, Javier"]
[Result "0-1"]
[WhiteElo "1437"]
[BlackElo "2144"]
[PlyCount "59"]
[EventDate "2010.07.18"]
[EventType "swiss"]
[EventRounds "9"]
[EventCountry "ESP"]
[Source "lmi"]
[SourceDate "2010.07.18"]

1. e4 e6 2. d4 d5 3. e5 c5 4. c3 Nc6 5. Nf3 Qa5 6. Bd2 Qb6 7. Bc1 Bd7 8. g3
Nge7 9. Bh3 Ng6 10. a4 Rc8 11. O-O Be7 12. Qd3 cxd4 13. Nxd4 Ngxe5 14. Qd1 Nxd4
15. cxd4 Qxd4 16. Qb3 Qb4 17. Qe3 Nc4 18. Qd4 O-O 19. Qg4 Ne5 20. Qe2 Bf6 21.
Be3 d4 22. Bf4 Ng6 23. Bc1 Bxa4 24. Nd2 Bb5 25. Qd1 Bxf1 26. Qxf1 Bg5 27. b3
Rxc1 28. Qxc1 Qxd2 29. Qc7 a6 30. Ra4 0-1

[Event "4. Open Hotel Avenida de Canarias 2010"]
[Site "Vecindario ESP"]
[Date "2010.07.18"]
[Round "1.35"]
[White "Villavicencio Martinez, Carlos"]
[Black "Manchon Santana, Alberto"]
[Result "1-0"]
[WhiteElo "2134"]
[BlackElo "1312"]
[PlyCount "55"]
[EventDate "2010.07.18"]
[EventType "swiss"]
[EventRounds "9"]
[EventCountry "ESP"]
[Source "lmi"]
[SourceDate "2010.07.18"]

1. Nf3 g6 2. d4 Nf6 3. c4 Bg7 4. g3 O-O 5. Bg2 d6 6. O-O c5 7. b3 cxd4 8. Nxd4
Bd7 9. Bxb7 Qb6 10. Bxa8 Ne8 11. Be3 Qc7 12. Nc3 Bc6 13. Bxc6 Nxc6 14. Nd5 Qd7
15. Nxc6 Bxa1 16. Ncxe7+ Kh8 17. Qxa1+ f6 18. Rd1 Qe6 19. Bh6 Rf7 20. Nc6 Qd7
21. Nd4 Qd8 22. Ne6 Qa8 23. Ng5 Qb7 24. Nxf7+ Qxf7 25. Bg5 Ng7 26. Nxf6 Qf8 27.
Bh6 a6 28. Ne8 1-0

[Event "4. Open Hotel Avenida de Canarias 2010"]
[Site "Vecindario ESP"]
[Date "2010.07.18"]
[Round "2.2"]
[White "Kurajica, Bojan"]
[Black "Angel Acosta, Juan Carlos"]
[Result "1-0"]
[WhiteElo "2528"]
[BlackElo "2160"]
[PlyCount "67"]
[EventDate "2010.07.18"]
[EventType "swiss"]
[EventRounds "9"]
[EventCountry "ESP"]
[Source "lmi"]
[SourceDate "2010.07.18"]

1. Nf3 d5 2. d4 Nf6 3. c4 e6 4. g3 c5 5. cxd5 Nxd5 6. Bg2 cxd4 7. O-O Be7 8.
Nxd4 O-O 9. a3 Bf6 10. Qd3 Nd7 11. Rd1 Qb6 12. Bxd5 exd5 13. Nc3 Nc5 14. Qf3
Be6 15. Be3 Nb3 16. Nxb3 Qxb3 17. Nxd5 Bxd5 18. Qxd5 Qxb2 19. Rab1 Rad8 20.
Rxb2 Rxd5 21. Rxd5 Bxb2 22. Bxa7 Bxa3 23. Rb5 h6 24. Rxb7 Re8 25. e3 Bd6 26.
Bd4 Be5 27. Bc5 Rc8 28. Rb5 Ra8 29. Kg2 Rc8 30. f4 Bf6 31. Kf3 Ra8 32. e4 Ra2
33. e5 Be7 34. Bxe7 1-0

[Event "4. Open Hotel Avenida de Canarias 2010"]
[Site "Vecindario ESP"]
[Date "2010.07.18"]
[Round "2.3"]
[White "Lopez Colon, Francisco"]
[Black "Vera Gonzalez-Quevedo, Reynaldo"]
[Result "0-1"]
[WhiteElo "2152"]
[BlackElo "2513"]
[PlyCount "66"]
[EventDate "2010.07.18"]
[EventType "swiss"]
[EventRounds "9"]
[EventCountry "ESP"]
[Source "lmi"]
[SourceDate "2010.07.18"]

1. d4 d5 2. c4 e6 3. Nc3 c6 4. e3 Nd7 5. Nf3 f5 6. Qc2 Nh6 7. Bd3 Qf6 8. b3 Bd6
9. Bb2 O-O 10. g3 b6 11. O-O-O Bb7 12. Kb1 Rac8 13. cxd5 exd5 14. Qe2 Qe7 15.
Ba6 Bxa6 16. Qxa6 b5 17. Ne5 Nxe5 18. dxe5 Bxe5 19. Rc1 Bxc3 20. Bxc3 Ng4 21.
Rc2 c5 22. Rd1 Qd7 23. Rcd2 d4 24. exd4 c4 25. bxc4 Rxc4 26. Qa3 Nf6 27. Bb4
Rfc8 28. Qb3 Nd5 29. a3 Kh8 30. Kb2 Nxb4 31. axb4 Qd6 32. Ka2 Rxb4 33. Qe3 Qa6+
0-1

[Event "4. Open Hotel Avenida de Canarias 2010"]
[Site "Vecindario ESP"]
[Date "2010.07.18"]
[Round "2.4"]
[White "Munoz Pantoja, Miguel"]
[Black "Stojanovic, Marija R"]
[Result "1-0"]
[WhiteElo "2494"]
[BlackElo "2151"]
[PlyCount "63"]
[EventDate "2010.07.18"]
[EventType "swiss"]
[EventRounds "9"]
[EventCountry "ESP"]
[Source "lmi"]
[SourceDate "2010.07.18"]

1. e4 c5 2. g3 d5 3. exd5 Qxd5 4. Nf3 Nc6 5. Nc3 Qd8 6. Bg2 Bg4 7. h3 Bh5 8. d3
e6 9. Be3 Nf6 10. O-O Be7 11. g4 Bg6 12. d4 Ne4 13. Ne2 f5 14. Nf4 Bf7 15. gxf5
exf5 16. d5 Nb4 17. c3 Na6 18. Ne5 O-O 19. Bxe4 fxe4 20. Qg4 Qd6 21. Nxf7 Rxf7
22. Rad1 Qe5 23. Qe6 Bd6 24. Qxe5 Bxe5 25. Ne6 Bd6 26. Rfe1 Rf6 27. Bc1 Re8 28.
Rxe4 Nc7 29. Ng5 Ref8 30. Be3 Rg6 31. Rg4 Rf5 32. Ne4 1-0

[Event "4. Open Hotel Avenida de Canarias 2010"]
[Site "Vecindario ESP"]
[Date "2010.07.18"]
[Round "2.5"]
[White "Inigo Munoz, Javier"]
[Black "Barlov, Dragan"]
[Result "1-0"]
[WhiteElo "2144"]
[BlackElo "2493"]
[PlyCount "71"]
[EventDate "2010.07.18"]
[EventType "swiss"]
[EventRounds "9"]
[EventCountry "ESP"]
[Source "lmi"]
[SourceDate "2010.07.18"]

1. c4 e5 2. Nc3 Bb4 3. g3 Bxc3 4. dxc3 f5 5. Bg2 Nf6 6. Qc2 d6 7. Bg5 h6 8. Be3
Nc6 9. Rd1 Qe7 10. c5 O-O 11. cxd6 cxd6 12. Nf3 Ne8 13. Nh4 Qf6 14. Bd5+ Kh8
15. Ng2 Ne7 16. Bb3 b6 17. h4 Be6 18. Bg5 Qf7 19. Bxe7 Qxe7 20. h5 Bxb3 21.
Qxb3 Qg5 22. Qd5 Rd8 23. Qf3 Nf6 24. e3 d5 25. Nh4 Nxh5 26. Rxd5 Rxd5 27. Qxd5
Nxg3 28. Nf3 Qg4 29. Rh4 Qg6 30. Nxe5 Qg5 31. Nf3 Qe7 32. Qe5 Qxe5 33. Nxe5 Re8
34. Nf7+ Kg8 35. Nd6 Rd8 36. Rd4 1-0

[Event "4. Open Hotel Avenida de Canarias 2010"]
[Site "Vecindario ESP"]
[Date "2010.07.18"]
[Round "2.6"]
[White "Andres Gonzalez, Alberto"]
[Black "Villavicencio Martinez, Carlos"]
[Result "1-0"]
[WhiteElo "2492"]
[BlackElo "2134"]
[PlyCount "67"]
[EventDate "2010.07.18"]
[EventType "swiss"]
[EventRounds "9"]
[EventCountry "ESP"]
[Source "lmi"]
[SourceDate "2010.07.18"]

1. Nf3 Nf6 2. c4 e6 3. g3 d5 4. Bg2 dxc4 5. Qa4+ Nbd7 6. O-O a6 7. Qxc4 b5 8.
Qc2 Bb7 9. a4 c5 10. d3 Be7 11. Nc3 b4 12. Nd1 a5 13. b3 O-O 14. Bb2 Rc8 15.
Ne3 Nb6 16. Rfd1 Nfd5 17. Nc4 Ra8 18. Rac1 Qc8 19. Nfd2 Nxc4 20. Nxc4 Ra6 21.
e4 Nb6 22. Ne3 Qa8 23. d4 cxd4 24. Bxd4 Nc8 25. Qb2 f6 26. f3 e5 27. Bc5 Bxc5
28. Rxc5 Qa7 29. Qc1 Nd6 30. Kh1 Nf7 31. Nf5 Rd8 32. Rc7 Qb8 33. Rxd8+ Nxd8 34.
Rxg7+ 1-0

[Event "4. Open Hotel Avenida de Canarias 2010"]
[Site "Vecindario ESP"]
[Date "2010.07.18"]
[Round "2.7"]
[White "Gonzalez Perez, Lutgarda"]
[Black "Garcia Padron, Jose"]
[Result "0-1"]
[WhiteElo "2133"]
[BlackElo "2455"]
[PlyCount "98"]
[EventDate "2010.07.18"]
[EventType "swiss"]
[EventRounds "9"]
[EventCountry "ESP"]
[Source "lmi"]
[SourceDate "2010.07.18"]

1. d4 d5 2. Nf3 Nf6 3. g3 e6 4. Bg2 Be7 5. O-O O-O 6. b3 a5 7. a4 b6 8. Ne5 Bb7
9. c4 Na6 10. Nc3 Nb4 11. Ba3 c5 12. dxc5 bxc5 13. cxd5 exd5 14. Rc1 Qb8 15.
Nd3 Bc6 16. Nf4 d4 17. Bxc6 Nxc6 18. Ncd5 Rd8 19. Nxe7+ Nxe7 20. Bxc5 Nf5 21.
Qd3 Qe5 22. Ba3 Ne4 23. Rfd1 Rab8 24. Rc4 h6 25. Qc2 Nxf2 26. Kxf2 Ne3 27. Qd3
Nxd1+ 28. Qxd1 Qe3+ 29. Kf1 g5 30. Nd3 Rb6 31. Bc1 Rf6+ 32. Kg2 Qe4+ 33. Kg1
Rd5 34. Rc5 Rxc5 35. Nxc5 Qd5 36. Qc2 Rc6 37. Ba3 h5 38. Qe4 Rxc5 39. Qe8+ Kg7
40. Bxc5 Qxc5 41. Qe4 d3+ 42. Kg2 d2 43. Qd3 Qc6+ 44. Kf2 Qc1 45. Qd4+ f6 46.
Qd7+ Kh6 47. Qd8 Qe1+ 48. Ke3 d1=N+ 49. Kd3 Qc3+ 0-1

[Event "4. Open Hotel Avenida de Canarias 2010"]
[Site "Vecindario ESP"]
[Date "2010.07.18"]
[Round "2.9"]
[White "Gonzalez Intelangelo, Gerardo"]
[Black "Vidarte Morales, Arturo"]
[Result "0-1"]
[WhiteElo "2104"]
[BlackElo "2409"]
[PlyCount "132"]
[EventDate "2010.07.18"]
[EventType "swiss"]
[EventRounds "9"]
[EventCountry "ESP"]
[Source "lmi"]
[SourceDate "2010.07.18"]

1. Nf3 f5 2. d4 Nf6 3. c4 g6 4. g3 Bg7 5. Bg2 O-O 6. b3 d6 7. Bb2 Qe8 8. O-O
Nc6 9. d5 Nd8 10. Qc2 e5 11. dxe6 Nxe6 12. Nc3 c6 13. Rad1 Qe7 14. Rd2 Nc5 15.
e3 Be6 16. Nd4 Rad8 17. Nxe6 Qxe6 18. Ne2 Qe7 19. Rdd1 Rfe8 20. Bd4 Ng4 21.
Bxg7 Kxg7 22. Nd4 Nf6 23. b4 Nce4 24. b5 c5 25. Ne2 d5 26. cxd5 Nxd5 27. Bxe4
fxe4 28. Qc4 Nb6 29. Qc3+ Kg8 30. Nf4 c4 31. a4 Qf7 32. a5 Nc8 33. Rfe1 Ne7 34.
Rd4 Rxd4 35. Qxd4 a6 36. bxa6 bxa6 37. Rc1 Nc6 38. Qxc4 Qxc4 39. Rxc4 Nxa5 40.
Ra4 Re5 41. Ne2 Nb3 42. Nc3 Nc5 43. Ra5 Rf5 44. g4 Re5 45. Kg2 h5 46. g5 Rf5
47. Na4 Nd3 48. Rxf5 gxf5 49. Kg3 Kf7 50. f3 Ke6 51. Nc3 exf3 52. Kxf3 Ne5+ 53.
Kg3 a5 54. e4 Ng6 55. exf5+ Kxf5 56. Na4 Ke4 57. Nb6 Kd4 58. Kf3 Nh4+ 59. Kf2
Ng6 60. Kf3 h4 61. Kg4 Kc5 62. Nd7+ Kb5 63. Nf6 a4 64. Kf5 h3 65. Ng4 Nh4+ 66.
Kf4 a3 0-1

[Event "4. Open Hotel Avenida de Canarias 2010"]
[Site "Vecindario ESP"]
[Date "2010.07.18"]
[Round "2.10"]
[White "Martinez Martin, David"]
[Black "Majul, Isolina"]
[Result "1-0"]
[WhiteElo "2406"]
[BlackElo "2099"]
[PlyCount "53"]
[EventDate "2010.07.18"]
[EventType "swiss"]
[EventRounds "9"]
[EventCountry "ESP"]
[Source "lmi"]
[SourceDate "2010.07.18"]

1. d4 Nf6 2. Nf3 g6 3. c4 Bg7 4. Nc3 O-O 5. e4 d6 6. Be2 Nc6 7. d5 Nb8 8. O-O
e5 9. Bg5 h6 10. Bd2 Ne8 11. Ne1 f5 12. exf5 gxf5 13. f4 e4 14. Nc2 a5 15. Kh1
Kh7 16. g4 Qh4 17. Ne3 fxg4 18. Nxe4 g3 19. Nxg3 Bh3 20. Qc2+ Kh8 21. Nef5 Qf6
22. Nxg7 Nxg7 23. Bc3 Qe7 24. Nh5 Bxf1 25. Bxg7+ Kg8 26. Qg6 Qe8 27. Nf6+ 1-0

[Event "4. Open Hotel Avenida de Canarias 2010"]
[Site "Vecindario ESP"]
[Date "2010.07.18"]
[Round "2.11"]
[White "Sanchez Quintero, Raul"]
[Black "Rudolf, Anna"]
[Result "0-1"]
[WhiteElo "2094"]
[BlackElo "2393"]
[PlyCount "66"]
[EventDate "2010.07.18"]
[EventType "swiss"]
[EventRounds "9"]
[EventCountry "ESP"]
[Source "lmi"]
[SourceDate "2010.07.18"]

1. e4 e6 2. d4 d5 3. Nc3 Bb4 4. e5 b6 5. Bb5+ c6 6. Be2 Ba6 7. a3 Bf8 8. Nf3
Bxe2 9. Qxe2 c5 10. O-O Nc6 11. Bg5 Be7 12. Bxe7 Ngxe7 13. Rad1 c4 14. Nb5 O-O
15. Nd6 Ng6 16. b3 cxb3 17. c4 Na5 18. cxd5 Nf4 19. Qe4 Nxd5 20. Rd3 f5 21. Qe1
Qd7 22. Qd2 h6 23. Nh4 Kh7 24. f4 Nb7 25. Nc4 Rac8 26. Ne3 Na5 27. g4 g6 28.
Nxg6 Kxg6 29. gxf5+ Kh7 30. fxe6 Qxe6 31. f5 Qg8+ 32. Ng4 Qxg4+ 33. Rg3 Rc2 0-1

[Event "4. Open Hotel Avenida de Canarias 2010"]
[Site "Vecindario ESP"]
[Date "2010.07.18"]
[Round "2.12"]
[White "Vega Gutierrez, Sabrina"]
[Black "Thomas, Fabien"]
[Result "0-1"]
[WhiteElo "2373"]
[BlackElo "2082"]
[PlyCount "100"]
[EventDate "2010.07.18"]
[EventType "swiss"]
[EventRounds "9"]
[EventCountry "ESP"]
[Source "lmi"]
[SourceDate "2010.07.18"]

1. e4 c5 2. Nf3 d6 3. d4 cxd4 4. Nxd4 Nf6 5. Nc3 a6 6. Be2 e5 7. Nb3 Be7 8. O-O
O-O 9. a4 Be6 10. Bf3 Nbd7 11. Re1 Rc8 12. a5 Nc5 13. Nd2 b5 14. axb6 Qxb6 15.
Nf1 Qb7 16. g4 h6 17. Ng3 Rfd8 18. Nd5 Bxd5 19. exd5 Nh7 20. Nf5 Bf8 21. b3 Ng5
22. Bg2 g6 23. h4 gxf5 24. hxg5 f4 25. gxh6 Bxh6 26. Ba3 Kg7 27. Bxc5 Rxc5 28.
Qd3 a5 29. Be4 Rb8 30. Ra4 Bg5 31. Kg2 Rh8 32. Rh1 Bh4 33. Rh3 Qb6 34. Qf3 f6
35. c4 Rcc8 36. Ra1 Bxf2 37. Rah1 Qe3 38. Rh7+ Rxh7 39. Rxh7+ Kg8 40. Qxe3 Bxe3
41. Bd3 Rb8 42. Rd7 Bc5 43. Bf5 Rxb3 44. Be6+ Kh8 45. Rd8+ Kg7 46. Rd7+ Kh6 47.
Bf5 f3+ 48. Kg3 f2+ 49. Kh4 Rh3+ 50. Kxh3 f1=Q+ 0-1

[Event "4. Open Hotel Avenida de Canarias 2010"]
[Site "Vecindario ESP"]
[Date "2010.07.18"]
[Round "2.13"]
[White "Alvarado Diaz, Alejandro"]
[Black "Fernandez Siles, Luis"]
[Result "1/2-1/2"]
[WhiteElo "2068"]
[BlackElo "2368"]
[PlyCount "69"]
[EventDate "2010.07.18"]
[EventType "swiss"]
[EventRounds "9"]
[EventCountry "ESP"]
[Source "lmi"]
[SourceDate "2010.07.18"]

1. d4 Nf6 2. c4 g6 3. Nc3 Bg7 4. e4 d6 5. Be2 O-O 6. Nf3 c5 7. O-O cxd4 8. Nxd4
Nc6 9. Be3 Bd7 10. Rc1 Nxd4 11. Bxd4 Bc6 12. f3 a5 13. b3 Nd7 14. a3 Bxd4+ 15.
Qxd4 Qb6 16. Qxb6 Nxb6 17. Nd5 Bxd5 18. cxd5 Rfc8 19. Bb5 Kf8 20. Kf2 e6 21.
dxe6 fxe6 22. Ke3 Ke7 23. Kd4 e5+ 24. Kd3 Nd7 25. Bxd7 Kxd7 26. h4 Rc6 27. Rc4
Rxc4 28. bxc4 Ra6 29. Rb1 Kc6 30. Rb5 Ra8 31. g3 Rf8 32. Ke3 b6 33. f4 Re8 34.
Rd5 Re7 35. Rb5 1/2-1/2

[Event "4. Open Hotel Avenida de Canarias 2010"]
[Site "Vecindario ESP"]
[Date "2010.07.18"]
[Round "2.14"]
[White "Cabrera Trujillo, Jorge"]
[Black "De La Hoz Sanchez, Ruben"]
[Result "1-0"]
[WhiteElo "2365"]
[BlackElo "2027"]
[PlyCount "49"]
[EventDate "2010.07.18"]
[EventType "swiss"]
[EventRounds "9"]
[EventCountry "ESP"]
[Source "lmi"]
[SourceDate "2010.07.18"]

1. e4 e5 2. Nf3 Nf6 3. Nxe5 d6 4. Nf3 Nxe4 5. Nc3 Nxc3 6. dxc3 Be7 7. Bf4 Nd7
8. Qd2 Nc5 9. O-O-O Be6 10. Nd4 O-O 11. Kb1 Bf6 12. Be2 Qd7 13. h4 a6 14. f3 b5
15. g4 Rfe8 16. Rdg1 Rab8 17. Be3 Bc4 18. Bd1 a5 19. b3 Be6 20. g5 Bxd4 21.
cxd4 Na6 22. h5 Bf5 23. d5 Nb4 24. Bd4 Nxd5 25. Bb2 1-0

[Event "4. Open Hotel Avenida de Canarias 2010"]
[Site "Vecindario ESP"]
[Date "2010.07.18"]
[Round "2.15"]
[White "Rodriguez Perez, David"]
[Black "Tatai, Stefano"]
[Result "0-1"]
[WhiteElo "2039"]
[BlackElo "2357"]
[PlyCount "72"]
[EventDate "2010.07.18"]
[EventType "swiss"]
[EventRounds "9"]
[EventCountry "ESP"]
[Source "lmi"]
[SourceDate "2010.07.18"]

1. e4 c5 2. Nf3 e6 3. d4 cxd4 4. Nxd4 a6 5. Nc3 Qc7 6. Bd3 Nc6 7. Be3 Nf6 8.
O-O b5 9. Nb3 Ne5 10. f4 Nc4 11. Bd4 Bb7 12. e5 Nd5 13. Nxd5 Bxd5 14. Qe2 g6
15. f5 Bg7 16. f6 Bf8 17. Be4 Bxe4 18. Qxe4 Rc8 19. Rae1 a5 20. Re2 a4 21. Nd2
d5 22. Qf4 Nxd2 23. Qxd2 h5 24. Rf3 b4 25. a3 Qc4 26. axb4 Bxb4 27. Qd3 Kd7 28.
Qxc4 Rxc4 29. c3 Ba5 30. Rf1 Rb8 31. Ra1 Rb3 32. Kf2 Kc6 33. Ke3 a3 34. Rxa3
Rxa3 35. bxa3 Bxc3 36. Rd2 Bxd2+ 0-1

[Event "4. Open Hotel Avenida de Canarias 2010"]
[Site "Vecindario ESP"]
[Date "2010.07.18"]
[Round "2.16"]
[White "Hernando Rodrigo, Jose Maria"]
[Black "Rojas Mirabal, Pedro"]
[Result "0-1"]
[WhiteElo "2328"]
[BlackElo "1996"]
[PlyCount "108"]
[EventDate "2010.07.18"]
[EventType "swiss"]
[EventRounds "9"]
[EventCountry "ESP"]
[Source "lmi"]
[SourceDate "2010.07.18"]

1. d4 Nf6 2. Nf3 g6 3. Bf4 Bg7 4. e3 O-O 5. Be2 c5 6. O-O cxd4 7. exd4 d6 8. c4
Nbd7 9. Nc3 b6 10. Qd2 Bb7 11. Bh6 Ne4 12. Nxe4 Bxe4 13. d5 Bxf3 14. Bxf3 Bxh6
15. Qxh6 Rc8 16. Rac1 Nf6 17. Rc3 b5 18. Be2 bxc4 19. Rh3 Qd7 20. Rc1 Rc5 21.
Bxc4 Rfc8 22. b3 Qf5 23. Re1 R8c7 24. Rf3 Qh5 25. Qf4 Kg7 26. Qd2 a5 27. h3 Qh4
28. Rfe3 Kf8 29. Rd3 Kg7 30. a4 Qh6 31. Ree3 Kf8 32. Rd4 Qg5 33. g4 Qh6 34. Qe1
Qg7 35. Rd1 g5 36. Qe2 Ng8 37. Rf3 f6 38. Qd2 Nh6 39. Bb5 Nf7 40. Qxa5 Ne5 41.
Re3 Qg6 42. Kg2 h5 43. b4 Rc3 44. Rde1 Rc2 45. Bc6 Rc8 46. Qa7 hxg4 47. hxg4
Rc4 48. f3 Rxb4 49. R1e2 Qb1 50. Bb5 Rc1 51. Qa5 Rg1+ 52. Kh2 Rh1+ 53. Kg3 Qg1+
54. Rg2 Rxg4+ 0-1

[Event "4. Open Hotel Avenida de Canarias 2010"]
[Site "Vecindario ESP"]
[Date "2010.07.18"]
[Round "2.17"]
[White "Almeida Sanchez, Ciriaco"]
[Black "Pile, Richard"]
[Result "0-1"]
[WhiteElo "2002"]
[BlackElo "2317"]
[PlyCount "54"]
[EventDate "2010.07.18"]
[EventType "swiss"]
[EventRounds "9"]
[EventCountry "ESP"]
[Source "lmi"]
[SourceDate "2010.07.18"]

1. e4 c5 2. c3 d5 3. exd5 Qxd5 4. d4 e6 5. Nf3 Nf6 6. Be2 Nc6 7. O-O cxd4 8.
cxd4 Be7 9. Nc3 Qd6 10. Be3 O-O 11. Rc1 a6 12. a3 b6 13. Bd3 Bb7 14. Qe2 Nd5
15. Ne5 Nxe5 16. dxe5 Qxe5 17. Nxd5 Bxd5 18. Bxb6 Qxe2 19. Bxe2 Bf6 20. Bc5
Rfb8 21. b4 Bb2 22. Rc2 Bxa3 23. Bd6 Rb6 24. Bc5 Rb7 25. Ra1 Bxb4 26. Rxa6 Rxa6
27. Bxa6 Rc7 0-1

[Event "4. Open Hotel Avenida de Canarias 2010"]
[Site "Vecindario ESP"]
[Date "2010.07.18"]
[Round "2.18"]
[White "Robin, Samy"]
[Black "Stojanovic, Kosara"]
[Result "1-0"]
[WhiteElo "2308"]
[BlackElo "1954"]
[PlyCount "65"]
[EventDate "2010.07.18"]
[EventType "swiss"]
[EventRounds "9"]
[EventCountry "ESP"]
[Source "lmi"]
[SourceDate "2010.07.18"]

1. e4 e5 2. Nf3 Nc6 3. Bb5 a6 4. Bxc6 dxc6 5. O-O Bg4 6. h3 Bxf3 7. Qxf3 Qf6 8.
Qe3 Bd6 9. c3 Qf4 10. Qxf4 exf4 11. d4 f6 12. Nd2 O-O-O 13. Nc4 Re8 14. Nxd6+
cxd6 15. Bxf4 Rxe4 16. Bxd6 Nh6 17. Rfe1 Rhe8 18. Kf1 Nf7 19. Rxe4 Rxe4 20. Bf8
g6 21. Re1 Rxe1+ 22. Kxe1 Kd7 23. Ke2 Ke6 24. Kd3 b5 25. b3 f5 26. h4 Nd8 27.
c4 Kd7 28. d5 Nf7 29. Kd4 Kc7 30. Kc5 cxd5 31. cxd5 f4 32. Kd4 Kd7 33. Ke4 1-0

[Event "4. Open Hotel Avenida de Canarias 2010"]
[Site "Vecindario ESP"]
[Date "2010.07.18"]
[Round "2.19"]
[White "Martin Hernandez, Ruben"]
[Black "Hernandez Leon, Alberto"]
[Result "1/2-1/2"]
[WhiteElo "1988"]
[BlackElo "2274"]
[PlyCount "38"]
[EventDate "2010.07.18"]
[EventType "swiss"]
[EventRounds "9"]
[EventCountry "ESP"]
[Source "lmi"]
[SourceDate "2010.07.18"]

1. e4 c5 2. Nf3 d6 3. d4 cxd4 4. Nxd4 Nf6 5. Nc3 a6 6. h3 g6 7. g4 Bg7 8. Bg2
O-O 9. O-O Nfd7 10. Be3 Nc6 11. Nd5 e6 12. Nc3 Qc7 13. Qd2 Na5 14. b3 b6 15.
Nce2 Bb7 16. c4 Nf6 17. Nc3 Nc6 18. Rac1 Nxd4 19. Bxd4 Rfd8 1/2-1/2

[Event "4. Open Hotel Avenida de Canarias 2010"]
[Site "Vecindario ESP"]
[Date "2010.07.18"]
[Round "2.20"]
[White "Perez Felipe, Marcos Adrian"]
[Black "Guerrero Romero, Antonio"]
[Result "1-0"]
[WhiteElo "2273"]
[BlackElo "1911"]
[PlyCount "79"]
[EventDate "2010.07.18"]
[EventType "swiss"]
[EventRounds "9"]
[EventCountry "ESP"]
[Source "lmi"]
[SourceDate "2010.07.18"]

1. d4 d5 2. c4 c6 3. Nc3 f5 4. Nf3 e6 5. Bf4 Nf6 6. g3 Be7 7. Bg2 O-O 8. O-O
Re8 9. Qc2 Ne4 10. Rad1 Nd7 11. cxd5 exd5 12. Nxd5 Bd6 13. Bxd6 Nxd6 14. Nf4
Qb6 15. Nd3 a5 16. Nc5 Nf6 17. Ne5 Ra7 18. b3 g6 19. Kh1 Kg7 20. f3 Re7 21. e4
Nb5 22. Qb2 Qc7 23. Ncd3 a4 24. g4 axb3 25. axb3 Qd6 26. d5 Qa3 27. Qf2 cxd5
28. gxf5 Ra6 29. Rg1 Nc3 30. Rde1 Qd6 31. Qb2 d4 32. Nc4 Qc7 33. e5 Bxf5 34.
exf6+ Kxf6 35. Nb4 Rd6 36. Nxd6 Qxd6 37. Rxe7 Kxe7 38. Re1+ Kf7 39. Na2 Nxa2
40. Qxa2 1-0